Bülent Ecevit diyor ki... (Record no. 7952)

MARC details
000 -BAŞLIK
Sabit Uzunlukta Kontrol Alanı 00832na a2200241 4500
001 - KONTROL NUMARASI
Denetim Alanı 15904
003 - KONTROL NUMARASI IDENTIFIER
Denetim Alanı MIRAKIL
005 - SON İŞLEM TARİHİ VE ZAMANI
Denetim Alanı 20181213155155.0
008 - SABİT-BOY VERİ ELEMANLARI - GENEL BİLGİLER
Sabit Uzunlukta Kontrol Alanı 161108b tu 000 0
035 ## - SİSTEM KONTROL NUMARASI
Sistem Kontrol Numarası 15904
040 ## - KATALOGLAMA KAYNAK
Orijinal Kataloglama Ajansı Milas
Kataloglama Dili tur
Metne Dönüştürmek Ajansı TR-AnCHP
082 ## - DEWEY ONLU SINIFLANDIRMA NUMARASI
Sınıflandırma Numarası CHP 324.2172
Ürün Numarası E13e 1973
090 ## - SINIFLAMA NUMARASI
Sınıflama Numarası CHP 324.2172 E13e 1973
100 ## - ANA GİRİŞ - KİŞİSEL İSİM
Kişisel Ad Ecevit, Bülent
Bir Adıyla İlişkilendirilen Tarihler 1925-2006
245 ## - BAŞLIK TABLOSU
Başlık Bülent Ecevit diyor ki...
Sorumluluk Tablosu, Vb Bülent Ecevit
260 ## - YAYIN, DAĞITIM, VB
Yayın, Dağıtım, Vb Yeri Ankara
Yayıncı, Dağıtıcı, Vs Adı [yay.y.]
Yayın, Dağıtım, Vb Tarihi [t.y]
Üretici Firma Ajans-Türk Matbaacılık
300 ## - FİZİKSEL TANIM
Kapsam 46 s.
Boyutlar 16 sm.
500 ## - GENEL NOT
Genel Not Bu kitap cumhuriyet halk partisi genel başkanı Bülent Ecevit'in bir yıl içinde yaptığı konuşmalardan yazdığı yazılardan derlenmiştir.
600 ## - KONU KATMA GİRİŞ - KURUMSAL ADI
Kişisel Ad Ecevit, Bülent
Genel Alt Bölümü Konuşmalar
610 ## - KONU KATMA GİRİŞ - TOPLANTI ADI
Giriş Elemanı Olarak Kurumsal Ad Veya Yargı Alanı Adı CHP
Genel Alt Bölüm Seçim bildirgeleri
651 ## - KONU KATMA GİRİŞ - COĞRAFİ ADI
Coğrafi İsim Türkiye
Genel Alt Bölümü Siyaset ve yönetim
942 ## - EKLENDİ GİRİŞ ELEMANLARI (KOHA)
Sınıflandırma Veya Raf Düzeni Kaynak
Koha Öğesi Türü Books
999 ## - SİSTEM KONTROL NUMARALARI (KOHA)
Koha Biblionumber 7952
Koha Biblioitemnumber 7952
Holdings
Kalıcı Konum Mevcut Konum Edinme Tarihi Edinim Kaynak Toplam Check-Out'Lar Tam Çağrı Numarası Barkod Tarih Son Görülme İtibaren Geçerli Fiyatlar Koha Öğesi Türü
CHP Kütüphanesi CHP Kütüphanesi 09/27/2016 Bağış   CHP 324.2172 E13e 1973 004574 09/27/2016 09/27/2016 Books